000 00261nam a2200121 a 4500
008 090929s1990|||| d
100 1 _aBrinková , C.R.
245 1 0 _aCaddie
260 _bMladé letá
_aBratislava
_c1990
020 _c24
041 _aslo
044 _aSR
999 _c6
_d6